00533 2200193 4500245005300000020002200053250001100075100001900086700001700105700002200122700002300144650002100167005001900188260007600207041001400283084001000297300002300307336000900330 aCara Menjadi Berang-BerangcNisarg PrakashhText a978-623-472-434-9 aCet. 1 aNisarg Prakash aRohit Kelkar aKurniaddin Mahmud aAnitawati Bachtiar aCerita Bergambar a20241001104639 aJakartabKementerian Pendidikan, Kebudayaan, Riset, dan Teknologic2022 aIndonesia a741.5 a24 hlm. :c22,9 cm atext